| 000 | 00429nam a2200145Ia 4500 | ||
|---|---|---|---|
| 003 | OSt | ||
| 005 | 20260121104850.0 | ||
| 008 | 211028s2014 xx 000 0 und d | ||
| 040 | _cAIMIT LIBRARY | ||
| 041 | _aeng | ||
| 100 |
_aD Souza, Shwehtha Quinita; Amin, Venkatesh. _g1216132 _97243 |
||
| 245 | _aStudy on employee absenteeism at new Mangalore port trust / | ||
| 260 |
_aMangalore _bVenkatesh Amin _c2014 |
||
| 942 |
_2ddc _cPRO |
||
| 999 |
_c218813 _d218813 |
||